000 01005nam a2200229Ia 4500
001 16938
003 GE_BSU
008 181216s||||||||xx |||||||||||||| ||und||
040 _cGE_BSU
080 _a329.78(079)(47+57-25)
100 _aბედინეიშვილი, გ.
245 _aმოსკოვი-მშვიდობის დედაქალაქი
245 _bმსოფლიოს ახალგაზრდობის მეექვსე ფესტივალის დელეგატის ჩანაწერები.
245 _cრედ.ირ. არაბული
260 _aთბილისი
260 _bსაბჭ. საქართველო
260 _c1959
300 _a191გვ. : ილ. ; 21სმ
653 _aმოსკოვი-მშვიდობის დედაქალაქი
653 _aმსოფლიოს ახალგაზრდობის ფესტივალი
942 _cBK
999 _c50001
_d50001